000
00315nam a22001337a 4500
020
_a
8174090592
082
_a
621.31 VAD
100
_a
S. S. Vadhera
245
_a
Power system analysis & stabiligy
260
_a
Delhi
_b
Khanna Publishers
_c
2013
300
_a
1006p.
650
_a
Electric power systems
942
_c
BK
999
_c
13720
_d
13720